عرض عادي
عرض مارك
- LANGUAGE ARTS & DISCIPLINES / Study & Teaching.
مدخل مصطلح موضوعي
001 - رقم الضبط
- حقل الضبط: 49951
003 - معرف رقم الضبط
- حقل الضبط: OSt
005 - تاريخ ووقت أخر عملية
- حقل الضبط: 20150729231917.0
008 - عناصر بيانات ثابتة الطول
- حقل تحكم ثابت الطول: 150729|| aca||aabn | a|a d
040 ## - مصدر الفهرسة
- هيئة الفهرسة الأصلية: OSt
- وكالة الكتابة: OSt
150 ## - مدخل-- مصطلح تاريخي
- عنصر مدخل المصطلح الموضوعي او الاسم الجغرافي: LANGUAGE ARTS & DISCIPLINES / Study & Teaching.
670 ## - بيانات المصدر موجوده
- الاستشهاد بالمصدر: Work cat.: (OSt)0: Handbook of professional development in education :, 2014.
